| 000 | 00587nam a2200205Ia 4500 | ||
|---|---|---|---|
| 008 | 191130s2008##################000#0#eng## | ||
| 020 | _a9780071284936 | ||
| 040 |
_aACL _cACL |
||
| 082 | _a650.015195 ACZ | ||
| 100 | _aAczel, Amir D | ||
| 245 |
_aComplete business statistics _cAmir D.Aczel, Jayavel Sounderpandian |
||
| 250 | _a7th ed | ||
| 260 |
_aNew Delhi _bTata McGraw-Hill Publishing Company _c2008 |
||
| 300 | _a804p. | ||
| 650 | _aMathematics | ||
| 700 | _aSounderapandian, Jayavel | ||
| 990 | _ac56f618cac10000c0aa384d0953c5367 | ||
| 991 | _a359254 | ||
| 999 |
_c252436 _d252436 |
||